00914nam a2200253 a 450000100060000000300080000600500170001400800410003103500190007204000310009104100080012208200260013010000280015624500770018426000400026130000260030150400260032765100610035365100510041470000250046594200120049099900170050295201410051942284BD-RjUL20211209053522.0160611s1958 ii 000 0 eng  a(BD-RjUL)42402 aDLCcOAUdDLCdBD-RjUbeng aeng 223a320.954bDAC 19581 aDastur, Aloo J.913002910aCongress rule in Bombay, 1952 to 1956 /cby Aloo J. Dastur & Usha Mehta. aBombay :bPopular Book Depot,c1958 axiv, 205 p. ;c23 cm. aBibliography: p. 205. 0aBombay (India : State)xPolitics and government.9130030 0aBombay (India : State)xSocial policy.91300311 aMehta, Usha,9130032 2ddccBK c42284d42284 00102ddc40708NFICaRUCLbRUCLcStackd1967-03-29ePak. Americang9.37l0o320.954 DAC 1958r2016-06-11 00:00:00tC-2w2016-06-11yBK